| 000 | 00664nam a2200217 a 4500 | ||
|---|---|---|---|
| 001 | 000023776 | ||
| 005 | 20240412074251.0 | ||
| 008 | 110113s2007 dr a 000 j spa d | ||
| 020 | _a9993402753 | ||
| 040 |
_aDO-SdBNP _bspa _cBNPHU |
||
| 082 |
_aRD863.44 _bS787d, 2007 |
||
| 100 | 1 |
_aStanley, Avelino, _d1959- _91536 |
|
| 245 | 1 | 4 |
_aLos disparos : _bcuentos / _cAvelino Stanley. |
| 250 | _a5a. ed. | ||
| 260 |
_aSanto Domingo : _bCocolo Editorial, _c2007. |
||
| 300 |
_a98 p. : _bil. ; _c23 cm. |
||
| 590 | _aInventariado, 2019/VM | ||
| 650 | 0 |
_aCuentos dominicanos _9176 |
|
| 650 | 0 |
_aLiteratura dominicana. _967 |
|
| 910 | _aValidado. Control de calidad MMOLINA | ||
| 999 |
_c23272 _d23272 |
||